Manifiesto del hombre (poemas)

Guardat en:
Dades bibliogràfiques
Autor principal: Zavala Guzmán, Simón
Format: Llibre
Idioma:Undetermined
Publicat: Quito, Ecuador Casa de la Cultura Ecuatoriana 1983
Matèries:
Etiquetes: Afegir etiqueta
Sense etiquetes, Sigues el primer a etiquetar aquest registre!

MARC

LEADER 00000nam a2200000Ia 4500
008 170316s9999 xx 000 0 und d
040 |a cru BVZT 
090 |a 860 Z-5m 
100 |a Zavala Guzmán, Simón 
245 |a Manifiesto del hombre (poemas) 
260 |a Quito, Ecuador 
260 |b Casa de la Cultura Ecuatoriana 
260 |c 1983 
300 |a 109 páginas 
650 |a LITERATURA LATINOAMERICANA 
999 |c 9341  |d 9341 
942 |c 15 D  |h 860 Z-5m  |2 z